| 000 | 00913cab a2200265 4500 | ||
|---|---|---|---|
| 001 | WB3216-40 | ||
| 008 | 090401t1996 xxu||||| |||| 00| 0 eng d | ||
| 035 | _a(Sirsi) u74038 | ||
| 041 | _aeng | ||
| 245 | _aTougher rules | ||
| 260 | _c1996 | ||
| 350 | _a0 | ||
| 490 |
_aEstates Times _v(1321) 19 April 1996, 4 ; 26 April 1996, 1 |
||
| 490 |
_aProperty Week _v55(4) 25 April 1996, 5(2) |
||
| 520 | _aThe RICS review of procedures for dealing with complaints against RICS members is to be modified before being circulated to members, following a debate at general council on 22 April 1996. | ||
| 650 | _aABOUT RICS-RICS MEMBERS | ||
| 650 | _aCOMPLAINTS HANDLING | ||
| 650 | _aDISCIPLINARY PROCEDURES | ||
| 650 | _aNEGLIGENCE | ||
| 650 | _aRICS | ||
| 650 | _aSTANDARDS AND PRACTICE COMMITTEE | ||
| 690 | _aMANAGEMENT-BUSINESS MANAGEMENT-PROFESSIONAL PRACTICE | ||
| 942 | _n0 | ||
| 948 | _c04/03/1997 | ||
| 999 |
_c46735 _d46735 |
||